Presentacin̤ de informes el documento final de investigacin̤ /

Detalles Bibliográficos
Autor principal: Lerma Gonzl̀ez, Hčtor Daniel
Formato: eBook
Lenguaje:español
Publicado: Bogot ̀: Ecoe Ediciones, 2011
Materias:
Acceso en línea:Acceso restringido

MARC

LEADER 00000nam a22000007a 4500
005 20120705152723.0
007 cr|||| ||||
008 120705s2011 co |||||s|||| 00||0 spa d
020 |a 978-958-648-723-8 
035 |a 6255 
040 |a vLex 
090 |c 3265  |d 3265 
100 1 |a Lerma Gonzl̀ez, Hčtor Daniel 
245 1 0 |a Presentacin̤ de informes  |h [Recurso electrn̤ico] :  |b el documento final de investigacin̤ /  |c Hčtor Daniel Lerma Gonzl̀ez  
256 |a Servicio en ln̕ea 
260 |a Bogot ̀:  |b Ecoe Ediciones,  |c 2011 
300 |a 1 recurso electrn̤ico 
500 |a Esta nueva edicin̤ contempla la elaboracin̤ de los documentos finales de investigacin̤ que son informes sobre el proceso ejecutado, los resultados obtenidos y anl̀isis realizado para darle respuesta al problema de conocimiento planteado en el diseǫ, proyecto o protocolo de la investigacin̤. Se compone de tres partes: Preliminares, Cuerpo del trabajo y Complementarios. Facilita a los estudiantes la presentacin̤ de su trabajo de grado y a los profesionales sus trabajos de investigacin̤. 
504 |a Incluye bibliografa̕  
650 0 4 |a informes  |x Presentacin̤  |z Colombia 
740 0 |a vLex Libros (Servicio en ln̕ea) 
856 4 0 |u http://vlex.com/source/presentacion-informes-documento-final-investigacion-6255  |z Acceso restringido 
942 |c BOOK 
999 0 |a Business report writing